000 00288nam a22001337a 4500
008 170822b xxu||||| |||| 00| 0 eng d
020 _a9780321566737
041 _aeng
080 _25TH
_a51
100 _a37
101 _aMAT
245 _aBEGINNING ALGEBRA
_cGAY,E.M
942 _2udc
_cBK
999 _c24472
_d24472